Biblioteca

The Walk to Emmaus (Lc 24:13-35): (Registro nro. 50198)

Detalles MARC
000 -LÍDER
Campo fijo de descripción fija 011930000a22002170004500
001 - NÚMERO DE CONTROL
Campo de control 768714001
003 - IDENTIFICADOR DEL NÚMERO DE CONTROL
Campo de control CO-MdFUSB
005 - FECHA Y HORA DE LA ULTIMA TRANSACCIÓN
control field 20161103153336.0
008 - ELEMENTOS DE LONGITUD FIJA -- INFORMACIÓN GENERAL
Campo fijo de descripción fija -- Información general 161103s1996 sp ||||| |||| 00| 0 eng d
022 ## - NÚMERO INTERNACIONAL NORMALIZADO PARA PUBLICACIONES SERIADAS
Número Internacional Normalizado para Publicaciones Seriadas 0014-1437
040 ## - FUENTE DE CATALOGACIÓN
Agencia Catalogadora CO-MdFUSB
Agencia que realiza la transcripción CO-MdFUSB
Agencia que realiza la modificación CO-MdFUSB
Idioma de catalogación spa
041 ## - CÓDIGO DE IDIOMA
Código de idioma para texto/pista de sonido o título separado eng
100 1# - ASIENTO PRINCIPAL--NOMBRE PERSONAL
Nombre personal Derrett, J. Duncan M. (John Martin) (1922- )
Término relacionador autor
245 10 - TÍTULO
Título The Walk to Emmaus (Lc 24:13-35):
Subtitulo The Lost Dimension
300 ## - DESCRIPCIÓN FÍSICA
Extensión Volumen 54, número 2 (1996), Páginas 183-193
Dimensiones 23 cm.
520 ## - NOTA DE RESUMEN, ETC.
Nota de sumario, etc. Lucas 24:13-35 se apoya en tres pasajes del Antiguo Testamento: 1) el no reconocimiento de Jesús tiene que ver con Éxodo 33:14 TM, Tg, donde Yavhé se resiste a permitir que su Presencia o Gloria acompañe a la multitud, pero promete “un lugar de descanso” al final; 2) las palabras que oyen los piadosos cristianos y la interpelación de Jesús responden a la promesa de Mal 3:16-17; 3) el banquete con Dios de quienes aceptan la Alianza está prometido en Ex 24:3-7, 9-11
546 ## - NOTA DE IDIOMA
Nota de idioma Texto en Inglés
653 ## - TÉRMINO DE INDIZACIÓN - NO CONTROLADO
Término no controlado Nuevo Testamento -- Lucas
773 0# - ASIENTO DE ITEM FUENTE
Título Estudios Bíblicos
Biblionumber 49452
Itemnumber 60482
Parte(s) relacionada(s) / Volumen., número. (mes año), páginas Volumen 54, número 2 (1996), Páginas 183-193
Enumeración y primera página Páginas 183
942 ## - TIPO DE MATERIAL (KOHA)
Tipo de Item KOHA Artículos de Revista
Existencias
Expurgo - (Retirado) Estado de Perdido Estado de Dañado No prestable Colección Ubicación habitual Ubicación actual Fecha de Adquisición Signatura Topográfica Tipo de Material
        Colección de Hemeroteca Biblioteca FUSBC Biblioteca FUSBC 26/01/2016 Artículos de Revista

Biblioteca FUSBC | Teléfono: (57+4) 349 88 10 Ext. 141| WhatsApp (+57) 3005338115 
E-mail: biblioteca@unisbc.edu.co | Calle 76 87-14 Robledo Palenque, Medellín, Colombia

Con tecnología Koha